000
00343nam a2200157 4500
001
45284
090
_a
45284
100
_a
20251210 pory50
101
_a
por
102
_a
PT
200
_a
Histórias e Parábolas
_f
Chinna Kata
210
_a
Mangualde
_c
Om Sai Ram
_d
2024
215
_a
280 p.
675
_a
29
801
_a
PT
_g
RPC
990
_c
LIVROS